000 00231nam a22000857a 4500
008 170216b xxu||||| |||| 00| 0 eng d
100 _92887
_aArora.S.L
245 _aNew Simplified Physics Class XI,XII
260 _aNew Delhi
_bDhanpat
_c2012
999 _c6116
_d6116